Chronologie událostí 17.11.1989-1.1.1990 dokumentovaná bibliografickými citacemi z denního tisku

Guardado en:
Detalles Bibliográficos
Autor principal: Kühr, Leopold
Formato: Libro
Lenguaje:checo
Publicado: Praha Městská knihovna 1990
Etiquetas: Agregar Etiqueta
Sin Etiquetas, Sea el primero en etiquetar este registro!

MARC

LEADER 00000nam a2200000 4500
001 c025862
005 20250613075331.1
041 0 |a cze 
044 |a CZ 
245 1 0 |a Chronologie událostí 17.11.1989-1.1.1990 dokumentovaná bibliografickými citacemi z denního tisku  |c Leopold Kühr 
264 1 |a Praha  |b Městská knihovna  |c 1990 
300 |a 83 s. 
100 1 |a Kühr, Leopold